NFL Top Passing Leaders 2024 - Statistics

General Stats
  • This quiz has been taken 37 times
  • The average score is 22 of 25
Answer Stats
Hint Answer % Correct
2,903 20. Jalen Hurts
97%
3,928 7. Patrick Mahomes
97%
3,731 14. Josh Allen
94%
3,864 10. Brock Purdy
91%
4,918 1. Joe Burrow
91%
3,870 9. Justin Herbert
91%
3,775 12. Bo Nix
89%
4,172 6. Lamar Jackson
89%
4,319 5. Sam Darnold
89%
3,897 8. Aaron Rodgers
86%
4,500 3. Baker Mayfield
86%
2,276 24. Drake Maye
86%
4,320 4. Geno Smith
86%
4,629 2. Jared Goff
86%
3,568 16. Jayden Daniels
86%
3,508 18. Kirk Cousins
86%
3,851 11. Kyler Murray
86%
3,762 13. Matthew Stafford
86%
2,482 22. Russel WIlson
86%
2,403 23. Bryce Young
83%
3,389 19. Jordan Love
83%
2,145 25. Derek Carr
80%
2,867 21. Tua Tagovailoa
80%
3,541 17. Caleb Williams
77%
3,727 15. C.J. Stroud
77%
No matching quizzes found
Score Distribution
Percent of People with Each Score
Percentile by Number Answered
Your Score History
You have not taken this quiz